LIBRARY & INFORMATION CENTRE, KCAET, TAVANUR

ONLINE PUBLIC ACCESS CATALOGUE (OPAC)

Poems and letters of Andrew Marvell / (Record no. 6022)

MARC details
000 -LEADER
fixed length control field 00435cam a2200169ua 4500
041 ## - LANGUAGE CODE
Language code of text/sound track or separate title eng
082 ## - DEWEY DECIMAL CLASSIFICATION NUMBER
Classification number 826
Item number MAR/PO
100 ## - MAIN ENTRY--AUTHOR NAME
Personal name Margoliouth , H M.
245 00 - TITLE STATEMENT
Title Poems and letters of Andrew Marvell /
250 ## - EDITION STATEMENT
Edition statement 2 /
260 ## - PUBLICATION, DISTRIBUTION, ETC. (IMPRINT)
Place of publication London :
Name of publisher Oxford at the Clarendon Press ,
Year of publication 1963.
300 ## - PHYSICAL DESCRIPTION
Number of Pages 347 ; .
942 ## - ADDED ENTRY ELEMENTS (KOHA)
Koha item type Books
Holdings
Withdrawn status Lost status Damaged status Home library Current library Date acquired Full call number Accession Number Koha item type Public note
Withdrawn     KAUAET Central Prison Tavanur 07/04/2012 826 6514 Books Transferred to Central Prison
Withdrawn     KAUAET Sanskrit University 07/04/2012 826 6515 Books Transferred to Sanskrit University
free website counter